| 000 | 00398cam a2200169 4500 | ||
|---|---|---|---|
| 001 | D13285 | ||
| 008 | 090401t1891 xxu||||| |||| 00| 0 eng d | ||
| 035 | _a(Sirsi) u8873 | ||
| 041 | _aeng | ||
| 100 | _aLipscomb, R. H. | ||
| 245 | _aHints to young land agents | ||
| 260 |
_aLondon _bLand Agents` Record Office _c1891 |
||
| 350 | _a0 | ||
| 520 | _aShelf 118 | ||
| 942 | _n0 | ||
| 948 | _c04/03/1997 | ||
| 999 |
_c86573 _d86573 |
||